Αισθητικά - κριτικά

Αποθηκεύτηκε σε:
Λεπτομέρειες βιβλιογραφικής εγγραφής
Κύριος συγγραφέας: Βάρναλης, Κώστας, 1883-1974
Μορφή: Βιβλίο
Γλώσσα:Greek
Δημοσίευση: [Αθήνα] : Κέδρος, [1978-1981]
Θέματα:
Ετικέτες: Προσθήκη ετικέτας
Δεν υπάρχουν, Καταχωρήστε ετικέτα πρώτοι!

MARC

LEADER 00000cam a2200000 i 4500
001 1/99942
008 081220m19781981 gre d
035 |l 10102659 
040 |a GR-MY-UA  |b gre  |e aacr 
041 0 |a gre 
082 0 |a 889.4  |2 (22) 
100 1 |a Βάρναλης, Κώστας,   |d 1883-1974. 
245 1 0 |a Αισθητικά - κριτικά /  |c Κώστα Βάρναλη 
260 |a [Αθήνα] :   |b Κέδρος,   |c [1978-1981] 
300 |a 2 τ.;  |c 24 εκ. 
505 0 |a Τ.1. Αισθητικά.τ.2. Κριτικά 
650 0 0 |a Greek literature. 
650 0 0 |a Greek essays, Modern. 
740 0 2 |a Αισθητικά 
740 0 2 |a Κριτικά 
852 |a INST  |b RHODES  |c AKA  |e 20081220  |h  889.4 ΒΑΡ  |p 005400031732  |q 005400031732  |t BK  |v τ.1:  |y 0  |z τ.1 
852 |a INST  |b RHODES  |c AKA  |e 20081220  |h  889.4 ΒΑΡ  |p 005400031733  |q 005400031733  |t BK  |v τ.2:  |y 0  |z τ.2 
853 |a INST  |b RHODES  |c AKA  |h  889.4 ΒΑΡ 
901 |a BIBL4-2008-3 
909 |a Ρ  |b 156716 
909 |a Ρ  |b 156717 
970 |a ΚΟΖΑ  |b ΜΑΡΙΑ  |z 2008/12/20